000 00666nam a2200289Ia 4500
005 20260324125333.0
008 008 260324s9999 xx 000 0 eng d
020 _a9781849770057
037 _aEBOOK
040 _aCRL
040 _beng
040 _cCRL
041 _2eng
041 _aeng
084 _qCRL
100 _aShalini Singh
_9280266
245 0 _aDomestic Tourism in Asia
245 0 _bDiversity and Divergence
260 _bTaylor and Francis
260 _c2009
365 _a
365 _b220
856 _uhttp://www.taylorfrancis.com/books/9781849770057
942 _cEBOOK
999 _c1772753
_d1772753